[Event "NED-ch62 sf"]
[Site "Hilversum"]
[Date "2006.11.05"]
[Round "1.2"]
[White "Koster, Ramon H"]
[Black "Carlier, Bruno"]
[Result "0-1"]
[WhiteElo "2320"]
[BlackElo "2437"]
[PlyCount "104"]
[EventDate "2006.11.04"]
[EventType "k.o."]
[EventRounds "3"]
[EventCountry "NED"]
[SourceTitle "EXT 2012"]
[Source "ChessBase"]
[SourceDate "2011.11.24"]
[SourceVersion "1"]
[SourceVersionDate "2011.11.24"]
[SourceQuality "1"]

1. d4 d6 2. c4 e5 3. Nf3 exd4 4. Nxd4 Nc6 5. Nc3 Nxd4 6. Qxd4 Be6 7. e4 Ne7 8. Be3 Nc6 9. Qd2 g6 10. Be2 Bg7 11. Nd5 0-0 12. h4 Ne5 13. Bd4 c6 14. Ne3 f5 15. f4 Ng4 16. Nxg4 fxg4 17. Bxg7 Kxg7 18. Rd1 Qf6 19. g3 Rad8 20. Qd4 Rfe8 21. Kf2 Bc8 22. Qxf6+ Kxf6 23. Bd3 c5 24. h5 g5 25. h6 Rg8 26. Be2 Rge8 27. fxg5+ Kxg5 28. Rd5+ Re5 29. Rhd1 Rxd5 30. Rxd5+ Kxh6 31. e5 Rf8+ 32. Ke3 dxe5 33. Rxc5 Re8 34. Bd3 b6 35. Rc6+ Kg5 36. Bxh7 Re7 37. Bg8 Bf5 38. b4 Rd7 39. Bd5 b5 40. a4 bxc4 41. Bxc4 Rd1 42. Rc5 Kf6 43. a5 Ra1 44. Rc7 Ra3+ 45. Ke2 Rc3 46. Rc6+ Kg5 47. Bd5 Rxg3 48. b5 Rd3 49. Bc4 Rd7 50. b6 axb6 51. axb6 g3 52. Kf3 g2 0-1

[Event "NED-chT 0506"]
[Site "Netherlands"]
[Date "2006.03.25"]
[Round "8.3"]
[White "Koster, Ramon H"]
[Black "Landa, Konstantin"]
[Result "0-1"]
[WhiteElo "2322"]
[BlackElo "2597"]
[PlyCount "50"]
[EventDate "2005.09.24"]
[EventType "team"]
[EventRounds "9"]
[EventCountry "NED"]
[SourceTitle "EXT 2007"]
[Source "ChessBase"]
[SourceDate "2006.11.23"]
[SourceVersion "1"]
[SourceVersionDate "2006.11.23"]
[SourceQuality "1"]
[WhiteTeam "Enschede ESGOO"]
[BlackTeam "Groningen Hotels"]
[WhiteTeamCountry "NED"]
[BlackTeamCountry "NED"]

1. Nf3 c5 2. c4 Nc6 3. Nc3 e5 4. g3 g6 5. Bg2 Bg7 6. d3 d6 7. a3 a5 8. 0-0 Nge7 9. Rb1 0-0 10. Ne1 Be6 11. Nd5 Rb8 12. Nc2 b5 13. Bd2 a4 14. Nce3 Nd4 15. Nxe7+ Qxe7 16. Nd5 Qa7 17. cxb5 Rxb5 18. Bc3 Rb3 19. f4 Nf5 20. Qd2 c4+ 21. Kh1 Bxd5 22. Bxd5 Ne3 23. Bxc4 Qb7+ 24. Rf3 Nxc4 25. dxc4 Rxc3 0-1

[Event "Stork Young Masters op"]
[Site "Hengelo"]
[Date "2005.08.13"]
[Round "9"]
[White "Koster, Ramon H"]
[Black "Vasilevich, Irina"]
[Result "0-1"]
[WhiteElo "2335"]
[BlackElo "2407"]
[PlyCount "64"]
[EventDate "2005.08.08"]
[EventType "swiss"]
[EventRounds "9"]
[EventCountry "NED"]
[SourceTitle "CBM 107 Extra"]
[Source "ChessBase"]
[SourceDate "2005.09.01"]
[SourceVersion "1"]
[SourceVersionDate "2005.09.01"]
[SourceQuality "1"]

1. d4 d5 2. c4 e6 3. Nc3 Nf6 4. cxd5 exd5 5. Bg5 c6 6. Qc2 g6 7. e3 Bf5 8. Qb3 Be7 9. f3 b6 10. g4 Be6 11. Bd3 h5 12. gxh5 Rxh5 13. Bf4 Kf8 14. Nge2 c5 15. Qd1 Nc6 16. Qd2 a6 17. Rd1 Rh3 18. 0-0 Nh5 19. e4 Nxd4 20. exd5 Nxe2+ 21. Nxe2 Qxd5 22. Bh6+ Kg8 23. Qe3 Qd6 24. Nf4 Nxf4 25. Bxf4 Bg5 26. Qe4 Qxf4 27. Qxa8+ Kg7 28. Rf2 Bh4 29. Rg2 Qd4+ 30. Kh1 Bd5 31. Qc8 Rxf3 32. Be2 Qxd1+ 0-1

[Event "Stork Young Masters op"]
[Site "Hengelo"]
[Date "2005.08.12"]
[Round "8"]
[White "Spoelman, Wouter"]
[Black "Koster, Ramon H"]
[Result "1/2-1/2"]
[WhiteElo "2365"]
[BlackElo "2335"]
[PlyCount "61"]
[EventDate "2005.08.08"]
[EventType "swiss"]
[EventRounds "9"]
[EventCountry "NED"]
[SourceTitle "CBM 107 Extra"]
[Source "ChessBase"]
[SourceDate "2005.09.01"]
[SourceVersion "1"]
[SourceVersionDate "2005.09.01"]
[SourceQuality "1"]

1. e4 c5 2. Nf3 d6 3. d4 cxd4 4. Nxd4 Nf6 5. Nc3 Nc6 6. Bg5 e6 7. Qd2 a6 8. 0-0-0 h6 9. Be3 Bd7 10. f3 b5 11. Nxc6 Bxc6 12. Bd3 Qc7 13. Kb1 Nd7 14. Ne2 Be7 15. g4 Bb7 16. h4 d5 17. exd5 Bxd5 18. Nf4 Bc6 19. Nh5 g6 20. Ng7+ Kf8 21. Bxh6 Kg8 22. Bxg6 Bf6 23. Nxe6 fxe6 24. g5 Be5 25. Qd3 Bd5 26. Be4 Nc5 27. Bxd5 Nxd3 28. Bxe6+ Kh7 29. Bf5+ Kg8 30. Be6+ Kh7 31. Bf5+ 1/2-1/2

[Event "Amsterdam ACT op 2nd"]
[Site "Amsterdam"]
[Date "2005.07.16"]
[Round "1"]
[White "Akopian, Vladimir Eduardovic"]
[Black "Koster, Ramon H"]
[Result "1-0"]
[WhiteElo "2705"]
[BlackElo "2335"]
[PlyCount "87"]
[EventDate "2005.07.16"]
[EventType "swiss"]
[EventRounds "9"]
[EventCountry "NED"]
[SourceTitle "CBM 107 Extra"]
[Source "ChessBase"]
[SourceDate "2005.09.01"]
[SourceVersion "1"]
[SourceVersionDate "2005.09.01"]
[SourceQuality "1"]

1. d4 Nf6 2. c4 g6 3. g3 c6 4. Nf3 Bg7 5. Bg2 0-0 6. Nc3 d5 7. Qb3 Qb6 8. 0-0 Bf5 9. Ne5 Qxd4 10. Qxb7 Qxe5 11. Bf4 Qd4 12. cxd5 Nbd7 13. dxc6 Nc5 14. Qxe7 Rfe8 15. Be3 Rxe7 16. Bxd4 Nce4 17. Rac1 Nxc3 18. Rxc3 Rc8 19. Re3 Rxe3 20. fxe3 Ne8 21. b4 a6 22. Rc1 Bf8 23. a3 Bd6 24. e4 Be6 25. e5 Be7 26. Bb6 Nc7 27. Ba5 Bb3 28. Rc3 Ba4 29. Bh3 Ne6 30. c7 Bd7 31. Bg2 Re8 32. e3 f6 33. Bc6 Bxc6 34. Rxc6 Nxc7 35. Rxc7 fxe5 36. Rc6 Bg5 37. Kf2 e4 38. Ke2 Kf7 39. Rxa6 Rc8 40. Kd2 h5 41. Bb6 Rc6 42. Ra7+ Ke6 43. Bd4 Kd5 44. Ra5+ 1-0

[Event "NED-chT 0405"]
[Site "Netherlands"]
[Date "2005.01.06"]
[Round "6.8"]
[White "Koster, Ramon H"]
[Black "Ondersteijn, Niels"]
[Result "1-0"]
[WhiteElo "2314"]
[BlackElo "2300"]
[PlyCount "87"]
[EventDate "2004.09.18"]
[EventType "team-tourn"]
[EventRounds "9"]
[EventCountry "NED"]
[SourceTitle "EXT 2014"]
[Source "ChessBase"]
[SourceDate "2013.11.20"]
[SourceVersion "1"]
[SourceVersionDate "2013.11.20"]
[SourceQuality "1"]
[WhiteTeam "Enschede"]
[BlackTeam "Den Bosch HMC"]
[WhiteTeamCountry "NED"]
[BlackTeamCountry "NED"]

1. d4 Nf6 2. c4 g6 3. Nc3 d5 4. Bf4 Bg7 5. e3 c5 6. dxc5 Qa5 7. Rc1 Ne4 8. Nge2 e5 9. Bg3 dxc4 10. Qa4+ Qxa4 11. Nxa4 Bd7 12. Nec3 Nxc3 13. Nxc3 Na6 14. Ne4 Bc6 15. Nd6+ Ke7 16. Nxc4 f6 17. Na5 Rac8 18. Bxa6 bxa6 19. 0-0 Rhd8 20. Nxc6+ Rxc6 21. Rc2 a5 22. Rfc1 Ke6 23. f3 Bh6 24. Bf2 f5 25. Kf1 Rd3 26. Ke2 e4 27. fxe4 fxe4 28. Rc4 Kd5 29. Rxe4 Kxe4 30. Rc4+ Kd5 31. Kxd3 Rf6 32. Bg3 Kc6 33. Rc2 Bf8 34. Be5 Rf1 35. Bd4 h5 36. Kc4 Be7 37. a3 g5 38. h3 g4 39. hxg4 hxg4 40. b4 axb4 41. axb4 a6 42. Ra2 Kb7 43. Kd5 Rc1 44. b5 1-0

[Event "Amsterdam ACT op 1st"]
[Site "Amsterdam"]
[Date "2004.07.22"]
[Round "6"]
[White "Koster, Ramon H"]
[Black "Dambacher, Martijn"]
[Result "1-0"]
[WhiteElo "2279"]
[BlackElo "2405"]
[PlyCount "77"]
[EventDate "2004.07.17"]
[EventType "swiss"]
[EventRounds "9"]
[EventCountry "NED"]
[SourceTitle "CBM 101 Extra"]
[Source "ChessBase"]
[SourceDate "2004.09.01"]
[SourceVersion "2"]
[SourceVersionDate "2004.09.01"]
[SourceQuality "1"]

1. d4 Nf6 2. c4 e6 3. Nf3 c5 4. d5 exd5 5. cxd5 d6 6. Nc3 g6 7. e4 a6 8. a4 Bg4 9. Be2 Bxf3 10. Bxf3 Bg7 11. Bf4 Qe7 12. 0-0 Nbd7 13. e5 dxe5 14. d6 Qe6 15. Bg5 0-0 16. Bxb7 Ra7 17. Bc6 Kh8 18. Rc1 Rb8 19. Bxd7 Nxd7 20. Ne4 Bf8 21. Nxc5 Nxc5 22. Rxc5 Rd7 23. Qd5 Rxd6 24. Qxe6 Rxe6 25. Rc2 Reb6 26. Rd1 f6 27. a5 Re6 28. Be3 Be7 29. Bb6 Kg8 30. g3 Kf7 31. Rd7 Ke8 32. Ra7 e4 33. Rxa6 Bd8 34. Ra7 Bxb6 35. axb6 Re7 36. Rc6 f5 37. h4 Rbb7 38. Rc8+ Kf7 39. Rxb7 1-0

[Event "Amsterdam ACT op 1st"]
[Site "Amsterdam"]
[Date "2004.07.21"]
[Round "5"]
[White "Willemze, Jeroen"]
[Black "Koster, Ramon H"]
[Result "1/2-1/2"]
[WhiteElo "2422"]
[BlackElo "2279"]
[PlyCount "44"]
[EventDate "2004.07.17"]
[EventType "swiss"]
[EventRounds "9"]
[EventCountry "NED"]
[SourceTitle "CBM 101 Extra"]
[Source "ChessBase"]
[SourceDate "2004.09.01"]
[SourceVersion "2"]
[SourceVersionDate "2004.09.01"]
[SourceQuality "1"]

1. e4 c5 2. Nf3 d6 3. c3 Nf6 4. Be2 g6 5. 0-0 Bg7 6. Bb5+ Bd7 7. Bxd7+ Nbxd7 8. Re1 Ne5 9. d4 Nxf3+ 10. Qxf3 cxd4 11. cxd4 Nd7 12. Be3 0-0 13. Nc3 Rc8 14. Rad1 Nb6 15. Bg5 Qd7 16. e5 d5 17. h4 Rc6 18. h5 f6 19. exf6 exf6 20. Bc1 Re6 21. Rxe6 Qxe6 22. Ne2 Qe4 1/2-1/2

[Event "Amsterdam ACT op 1st"]
[Site "Amsterdam"]
[Date "2004.07.20"]
[Round "4"]
[White "Koster, Ramon H"]
[Black "Bosboom, Manuel"]
[Result "1/2-1/2"]
[WhiteElo "2279"]
[BlackElo "2425"]
[PlyCount "91"]
[EventDate "2004.07.17"]
[EventType "swiss"]
[EventRounds "9"]
[EventCountry "NED"]
[SourceTitle "CBM 101 Extra"]
[Source "ChessBase"]
[SourceDate "2004.09.01"]
[SourceVersion "2"]
[SourceVersionDate "2004.09.01"]
[SourceQuality "1"]

1. d4 Nf6 2. c4 e6 3. Nf3 b6 4. e3 Bb7 5. Bd3 g5 6. h3 Rg8 7. Nc3 Bb4 8. Bd2 h5 9. Qe2 g4 10. hxg4 hxg4 11. Nh4 Nc6 12. 0-0-0 Be7 13. a3 d5 14. f3 Na5 15. cxd5 Nxd5 16. Nxd5 Bxd5 17. e4 Nb3+ 18. Kb1 Nxd4 19. Qe3 Bb3 20. Rc1 c5 21. Bc3 Ba4 22. Nf5 exf5 23. exf5 Qd6 24. Rh6 f6 25. Bc4 Nxf5 26. Qe4 Nxh6 27. Bxg8 Nxg8 28. Qxa8+ Kf7 29. fxg4 Bc6 30. Qc8 Qd3+ 31. Ka1 Bd5 32. Re1 Qc4 33. Kb1 Be6 34. Qc7 Bxg4 35. Qxa7 Bf5+ 36. Ka1 b5 37. Qb6 Be6 38. Rxe6 Qxe6 39. Qxb5 Nh6 40. a4 Nf5 41. a5 Nd4 42. Bxd4 cxd4 43. a6 Qe4 44. Qa4 Qe1+ 45. Ka2 Qe6+ 46. Ka1 1/2-1/2

[Event "Amsterdam ACT op 1st"]
[Site "Amsterdam"]
[Date "2004.07.19"]
[Round "3"]
[White "Van Delft, Merijn"]
[Black "Koster, Ramon H"]
[Result "0-1"]
[WhiteElo "2389"]
[BlackElo "2279"]
[PlyCount "80"]
[EventDate "2004.07.17"]
[EventType "swiss"]
[EventRounds "9"]
[EventCountry "NED"]
[SourceTitle "CBM 101 Extra"]
[Source "ChessBase"]
[SourceDate "2004.09.01"]
[SourceVersion "2"]
[SourceVersionDate "2004.09.01"]
[SourceQuality "1"]

1. e4 e6 2. d4 d5 3. Nd2 Nf6 4. e5 Nfd7 5. c3 c5 6. Bd3 Nc6 7. Ne2 cxd4 8. cxd4 f6 9. exf6 Nxf6 10. Nf3 Bd6 11. 0-0 Qc7 12. Bg5 0-0 13. Rc1 h6 14. Bh4 Nh5 15. Nc3 a6 16. Bb1 Nf4 17. Bg3 g5 18. Re1 Qf7 19. Na4 Bd7 20. Nc5 Bxc5 21. dxc5 Rae8 22. Ne5 Qg7 23. Nxd7 Qxd7 24. Qd2 e5 25. b4 Nd4 26. Rc3 Qg7 27. a4 Kh8 28. f3 h5 29. Rce3 h4 30. Bf2 h3 31. g3 Ng2 32. Qd3 Nxe1 33. Bxe1 e4 34. fxe4 dxe4 35. Qd1 Qf6 36. Qh5+ Kg7 37. Qxh3 Nf3+ 38. Rxf3 Qxf3 39. Qd7+ Kg6 40. Qd6+ Rf6 0-1

[Event "Groningen Harmonie op-A"]
[Site "Groningen"]
[Date "2003.12.27"]
[Round "6"]
[White "Koster, Ramon H"]
[Black "Pilgrim, Peter"]
[Result "1-0"]
[WhiteElo "2262"]
[BlackElo "2205"]
[PlyCount "51"]
[EventDate "2003.12.21"]
[EventType "swiss"]
[EventRounds "9"]
[EventCountry "NED"]
[SourceTitle "CBM 097 Extra"]
[Source "ChessBase"]
[SourceDate "2004.01.13"]
[SourceVersion "1"]
[SourceVersionDate "2004.01.13"]
[SourceQuality "1"]

1. c4 Nf6 2. d4 c5 3. d5 e6 4. Nc3 exd5 5. cxd5 d6 6. e4 g6 7. Nf3 Bg7 8. h3 0-0 9. Bd3 b5 10. Bxb5 Nxe4 11. Nxe4 Qa5+ 12. Nfd2 Qxb5 13. Nxd6 Qd7 14. N2c4 Ba6 15. 0-0 f5 16. Re1 f4 17. Qf3 Bxc4 18. Nxc4 Na6 19. Bd2 Nc7 20. d6 Nb5 21. Re7 Qc8 22. Qd5+ Kh8 23. d7 Qd8 24. Rae1 Bf6 25. Re8 Qc7 26. Qxa8 1-0

[Event "IECG RH.2003.0.00008 email"]
[Site "IECG email"]
[Date "2003.08.24"]
[Round "?"]
[White "Koster, Ramon H"]
[Black "Kachkin, Konstantin"]
[Result "1/2-1/2"]
[WhiteElo "2175"]
[BlackElo "2215"]
[PlyCount "59"]
[EventDate "2003.08.24"]
[EventType "tourn (corr)"]
[EventRounds "6"]
[SourceTitle "Corr 2008"]
[Source "ChessBase"]
[SourceDate "2008.06.24"]
[SourceVersion "1"]
[SourceVersionDate "2008.06.24"]
[SourceQuality "1"]

1. d4 d5 2. c4 c6 3. Nf3 Nf6 4. Nc3 dxc4 5. a4 Bf5 6. Ne5 Nbd7 7. Nxc4 Qc7 8. g3 e5 9. dxe5 Nxe5 10. Bf4 Rd8 11. Qc1 Bd6 12. Nxd6+ Qxd6 13. Bg2 0-0 14. 0-0 a5 15. Nd1 Qe6 16. Ne3 Be4 17. f3 Bd5 18. Qc3 Rfe8 19. Rfd1 Ng6 20. Bg5 Ne7 21. Nc2 Qxe2 22. Ne3 Be6 23. Rxd8 Rxd8 24. Re1 Qa6 25. Bxf6 gxf6 26. Qxf6 Rd7 27. Qg5+ Kf8 28. Qh6+ Kg8 29. f4 Qb6 30. Be4 1/2-1/2

[Event "NED-chT 0203"]
[Site "Netherlands"]
[Date "2003.05.10"]
[Round "9.10"]
[White "Koster, Ramon H"]
[Black "Van Gisbergen, Stan"]
[Result "1-0"]
[WhiteElo "2221"]
[BlackElo "2333"]
[PlyCount "82"]
[EventDate "2002.09.28"]
[EventType "team-tourn"]
[EventRounds "9"]
[EventCountry "NED"]
[SourceTitle "EXT 2015"]
[Source "ChessBase"]
[SourceDate "2014.11.20"]
[SourceVersion "1"]
[SourceVersionDate "2014.11.20"]
[SourceQuality "1"]
[WhiteTeam "ING/ESGOO Enschede"]
[BlackTeam "Nijmegen"]
[WhiteTeamCountry "NED"]
[BlackTeamCountry "NED"]

1. d4 Nf6 2. c4 e6 3. Nf3 b6 4. e3 Bb7 5. Bd3 Be7 6. Nc3 d5 7. cxd5 exd5 8. 0-0 0-0 9. b3 Nbd7 10. Bb2 a6 11. Rc1 Bd6 12. Qc2 Qe7 13. Ne2 Rac8 14. Bf5 g6 15. Bh3 Rce8 16. Ne5 c5 17. Nxd7 Nxd7 18. Qc3 f6 19. Rfd1 Rc8 20. Qd3 Qf7 21. dxc5 bxc5 22. Nc3 Ne5 23. Qd2 Rcd8 24. Nxd5 Nf3+ 25. gxf3 Bxd5 26. Qe2 f5 27. Bf1 g5 28. h3 h5 29. Qc2 Kh7 30. Bc4 Bxc4 31. Qxc4 Qg6 32. Rd5 g4 33. hxg4 fxg4 34. fxg4 hxg4 35. Kg2 Rf3 36. Rh1+ Rh3 37. Rxh3+ gxh3+ 38. Kxh3 Rf8 39. Qh4+ Kg8 40. Rg5 Rf3+ 41. Kg2 Rxf2+ 1-0

[Event "NED-ch U20"]
[Site "Schagen"]
[Date "2003.04.25"]
[Round "1"]
[White "Struik, Tjapko"]
[Black "Koster, Ramon H"]
[Result "1/2-1/2"]
[WhiteElo "2142"]
[BlackElo "2221"]
[PlyCount "88"]
[EventDate "2003.04.25"]
[EventType "swiss"]
[EventRounds "9"]
[EventCountry "NED"]
[SourceTitle "EXT 2005"]
[Source "ChessBase"]
[SourceDate "2004.11.15"]
[SourceVersion "1"]
[SourceVersionDate "2004.11.15"]
[SourceQuality "1"]

1. e4 c5 2. Nf3 Nc6 3. d4 cxd4 4. Nxd4 Qb6 5. Nb3 Nf6 6. Nc3 e6 7. Qe2 Bb4 8. Bd2 0-0 9. a3 Be7 10. e5 Ne8 11. Be3 Qc7 12. Bf4 f6 13. exf6 Qxf4 14. fxe7 Nxe7 15. g3 Qf3 16. Qxf3 Rxf3 17. Bg2 Rf6 18. 0-0 d5 19. Rfe1 Nd6 20. Nc5 b6 21. Nd3 Bd7 22. Ne2 Bb5 23. Nd4 Bxd3 24. cxd3 Kf7 25. Rac1 Rc8 26. Rxc8 Ndxc8 27. Bh3 Nf5 28. Nc6 g6 29. g4 Nh4 30. g5 Nf3+ 31. Kf1 Nxg5 32. Bg4 h5 33. h4 hxg4 34. hxg5 Rf5 35. Nd8+ Ke7 36. Nxe6 Kd6 37. Kg2 Ne7 38. d4 Nc6 39. Ng7 Rxg5 40. Kg3 Nxd4 41. Kf4 Nf3 42. Re3 Re5 43. Ne8+ Ke6 44. Nc7+ Kd6 1/2-1/2

[Event "NED-ch58 sf"]
[Site "Leeuwarden"]
[Date "2002.12.01"]
[Round "1.2"]
[White "Koster, Ramon H"]
[Black "Janssen, Ruud"]
[Result "1/2-1/2"]
[WhiteElo "2221"]
[BlackElo "2473"]
[PlyCount "68"]
[EventDate "2002.11.30"]
[EventType "k.o."]
[EventRounds "3"]
[EventCountry "NED"]
[SourceTitle "CBM 091 Extra"]
[Source "ChessBase"]
[SourceDate "2003.01.09"]
[SourceVersion "1"]
[SourceVersionDate "2003.01.09"]
[SourceQuality "1"]

1. c4 b6 2. Nf3 Bb7 3. g3 c5 4. Bg2 Nf6 5. 0-0 g6 6. Nc3 Bg7 7. d4 cxd4 8. Qxd4 d6 9. Rd1 Nbd7 10. Be3 Rc8 11. Rac1 0-0 12. Qh4 a6 13. b3 Rc7 14. Nd5 Nxd5 15. cxd5 Nf6 16. Rxc7 Qxc7 17. Rc1 Qd7 18. Bxb6 Nxd5 19. Bd4 e5 20. Bb2 Rc8 21. Qg5 f5 22. Qd2 Rxc1+ 23. Qxc1 Qc6 24. Qxc6 Bxc6 25. Bf1 Bf6 26. Nd2 Kf7 27. e3 Nc7 28. Bc3 Bb7 29. Nc4 Ke6 30. Ba5 Kd7 31. Be2 d5 32. Nb2 e4 33. Na4 Ne6 34. Kf1 d4 1/2-1/2

[Event "NED-ch58 sf"]
[Site "Leeuwarden"]
[Date "2002.11.30"]
[Round "1.1"]
[White "Janssen, Ruud"]
[Black "Koster, Ramon H"]
[Result "1-0"]
[WhiteElo "2473"]
[BlackElo "2221"]
[PlyCount "69"]
[EventDate "2002.11.30"]
[EventType "k.o."]
[EventRounds "3"]
[EventCountry "NED"]
[SourceTitle "CBM 091 Extra"]
[Source "ChessBase"]
[SourceDate "2003.01.09"]
[SourceVersion "1"]
[SourceVersionDate "2003.01.09"]
[SourceQuality "1"]

1. d4 Nf6 2. c4 e5 3. dxe5 Ng4 4. Bf4 Bb4+ 5. Nd2 Nc6 6. Ngf3 Qe7 7. a3 Ngxe5 8. Nxe5 Nxe5 9. e3 Bxd2+ 10. Qxd2 d6 11. Be2 Bd7 12. 0-0 Bc6 13. Qc3 0-0-0 14. c5 f6 15. cxd6 Rxd6 16. b4 Rhd8 17. b5 Be4 18. Qb4 Bf5 19. e4 Be6 20. Bxe5 fxe5 21. Qc5 Bh3 22. Qe3 Be6 23. Qxa7 Qg5 24. Rad1 Rxd1 25. Qa8+ Kd7 26. Rxd1+ Ke8 27. Rxd8+ Qxd8 28. Qxb7 Qd2 29. Qc6+ Bd7 30. Qc4 Ke7 31. Bf1 Qa5 32. Qc5+ Kf6 33. Qf8+ Kg6 34. Qe7 Bxb5 35. Qe6+ 1-0

[Event "NED-ch U20"]
[Site "Nijmegen"]
[Date "2002.05.02"]
[Round "6.9"]
[White "Koster, Ramon H"]
[Black "Jens, Jelmer"]
[Result "0-1"]
[WhiteElo "2249"]
[BlackElo "2329"]
[PlyCount "40"]
[EventDate "2002.04.??"]
[EventType "swiss"]
[EventRounds "9"]
[EventCountry "NED"]
[SourceTitle "EXT 2003"]
[Source "ChessBase"]
[SourceDate "2002.11.25"]
[SourceVersion "1"]
[SourceVersionDate "2002.11.25"]
[SourceQuality "1"]

1. d4 Nf6 2. c4 e6 3. g3 c5 4. d5 exd5 5. cxd5 d6 6. Bg2 g6 7. b3 Bg7 8. Bb2 0-0 9. Nf3 b5 10. 0-0 Nbd7 11. Re1 Re8 12. a4 Bb7 13. axb5 Nxd5 14. Bxg7 Kxg7 15. Na3 Qf6 16. Qd2 Nc3 17. Ne5 Nxe2+ 18. Rxe2 Nxe5 19. Bxb7 Rab8 20. Nc4 Nxc4 0-1

[Event "NED-ch U20"]
[Site "Nijmegen"]
[Date "2002.05.01"]
[Round "4.6"]
[White "Muhren, Willem"]
[Black "Koster, Ramon H"]
[Result "1/2-1/2"]
[WhiteElo "2209"]
[BlackElo "2249"]
[PlyCount "82"]
[EventDate "2002.04.??"]
[EventType "swiss"]
[EventRounds "9"]
[EventCountry "NED"]
[SourceTitle "EXT 2003"]
[Source "ChessBase"]
[SourceDate "2002.11.25"]
[SourceVersion "1"]
[SourceVersionDate "2002.11.25"]
[SourceQuality "1"]

1. e4 e6 2. d3 d5 3. Nd2 Nf6 4. Ngf3 b6 5. g3 Bb7 6. Qe2 Be7 7. Bg2 c5 8. 0-0 Nc6 9. Re1 Qc7 10. c3 d4 11. c4 h6 12. h4 Nd7 13. Nf1 a6 14. h5 g6 15. hxg6 fxg6 16. Nh4 Bxh4 17. gxh4 0-0-0 18. Qg4 e5 19. Qxg6 Rdf8 20. Ng3 Nb4 21. Rd1 Nc2 22. Rb1 Ne3 23. Bxe3 dxe3 24. Nf5 exf2+ 25. Kh2 Nf6 26. Bh3 Kb8 27. Qg7 Qxg7 28. Nxg7 Bc8 29. Nf5 Bxf5 30. Bxf5 Rhg8 31. Rd2 Ng4+ 32. Kh3 h5 33. Rf1 Kc7 34. b3 Ne3 35. Rfxf2 Rg1 36. Kh2 Rfg8 37. Bh3 Ra1 38. Rf3 Ng4+ 39. Bxg4 Rxg4 40. Rf7+ Kc8 41. Rdf2 Rxh4+ 1/2-1/2